| 000 | 00845nam a2200193Ia 4500 | ||
|---|---|---|---|
| 999 |
_c40340 _d40340 |
||
| 001 | 6948 | ||
| 003 | GE_BSU | ||
| 005 | 20191025103215.0 | ||
| 008 | 181216s2012||||g |||||||||||||| ||geo|| | ||
| 040 | _cGE_BSU | ||
| 041 | _ageo | ||
| 080 | _a811.353.1+376.2 ქ-27 | ||
| 245 |
_aქართული ჟესტური ენა : _bტრენინგის სახელმძღვ. პირველი საფეხური გზამკვლევი ტრენერისათვის 2012 / _cრედ. თამარ ხასია. |
||
| 264 |
_aთბილისი : _bპეტიტი ; _c2012. |
||
| 300 |
_a106 გვ. ; _c30 სმ. |
||
| 653 | _aქართული ჟესტური ენა | ||
| 700 |
_a ხასია, თამარ _eრედაქტორი _95019 |
||
| 942 |
_cBK _2udc |
||